Les adversaires préférés de Lionel Messi en club - Statistiques

Statistiques générales
  • Ce quiz a été pris 44 fois
  • Le résultat moyen est 6 sur 9
Statistiques - réponses
Nombre de buts Championnat Clubs % Correct
26 buts LaLiga Real Madrid
100%
38 buts LaLiga Séville FC
92%
32 buts LaLiga Atlético de Madrid
87%
31 buts LaLiga Valence CF
87%
29 buts LaLiga Athletic Bilbao
68%
25 buts LaLiga Espanyol Barcelone
50%
24 buts LaLiga Levante UD
42%
25 buts LaLiga CA Osasuna
37%
26 buts LaLiga Real Betis
13%
Aucun quiz correspondant
Distribution des résultats
% des personnes avec chaque résultat
Percentile par nombre de réponses
Votre historique - résultats
Vous n’avez pas pris ce quiz